| 000 | 00583nam a2200205Ia 4500 | ||
|---|---|---|---|
| 001 | 33201 | ||
| 003 | IN-NITTTR | ||
| 005 | 20251114233436.0 | ||
| 008 | 251113s9999||||xx |||||||||||||| ||eng|| | ||
| 040 | _beng | ||
| 040 | _cIN-NITTTR | ||
| 041 | _aeng | ||
| 082 | _aRC78.7.D53 | ||
| 100 | _aGunjan, Vinit Kumar | ||
| 245 | 0 |
_aComputational Methods in Molecular Imaging Technologies / _cGunjan, Vinit Kumar, Shaik, Fahimuddin, Venkatesh, Chethan, Amarnath, M. |
|
| 700 | _a Amarnath, M. | ||
| 700 | _a Shaik, Fahimuddin | ||
| 700 | _a Venkatesh, Chethan | ||
| 942 |
_2ddc _cBK |
||
| 999 |
_c35658 _d35658 |
||